Државе које се граниче са Европском унијом - Statistics

General Stats
  • This quiz has been taken 141 times
  • The average score is 16 of 21
Answer Stats
km Држава % Correct
2257 Русија
99%
945 Србија
98%
499 Уједињено Краљевство
98%
932 Босна и Херцеговина
92%
446 Турска
90%
1257 Украјина
87%
2348 Норвешка
85%
282 Албанија
85%
1050 Белорусија
84%
25 Црна Гора
84%
3 Ватикан
83%
1811 Швајцарска
80%
394 Северна Македонија
80%
450 Молдавија
77%
39 Сан Марино
77%
35 Лихтенштајн
74%
120 Андора
73%
4 Монако
72%
16 Мароко
41%
673 Бразил
27%
510 Суринам
19%
No matching quizzes found
Score Distribution
Percent of People with Each Score
Percentile by Number Answered
Your Score History
You have not taken this quiz